| 000 | 00893nam a2200265 a 4500 | ||
|---|---|---|---|
| 001 | 000011590 | ||
| 003 | DO-SdBNP | ||
| 005 | 20240412074227.0 | ||
| 007 | ta | ||
| 008 | 091021t2003 dr 001 0 spa d | ||
| 020 | _a9993488984 | ||
| 040 |
_aDO-SdBNP _bspa _cBNPHU |
||
| 082 | 4 |
_aRD863.44 _bQ76c _222 |
|
| 100 | 1 |
_aQuiñones, Víctor _927411 |
|
| 245 | 1 | 0 |
_aCuentos linieros : _bviraqui / _cVíctor Quiñones. |
| 260 |
_aSan Francisco de Macorís, República Dominicana : _bÁngeles Fierro, _c2003. |
||
| 300 |
_a106 p. ; _c21 cm. |
||
| 500 | _aIncluye datos biográficos del autor en la solapa de la cubierta. | ||
| 590 | _aPerteneció a la biblioteca personal de Juan Isidro Jimenes Grullón | ||
| 590 | _aInventariado, 2020 /LP | ||
| 650 | 0 |
_aCuentos dominicanos _9176 |
|
| 650 | 0 |
_aLiteratura dominicana. _967 |
|
| 910 | _aValidado. Control de calidad EMS. | ||
| 942 |
_2ddc _cLBS1 |
||
| 999 |
_c11285 _d11285 |
||